01007nab a22002177a 4500003000400000005001700004008004100021040000700062100002000069245011100089260004200200300001200242500003600254505019900290505008900489650002000578650002600598650003000624650002200654773011300676OSt20260223124236.0190506c xxu||||| |||| 00| 0 spa d cPJ aViola, Efraín10aSentencia favorable, ¿crédito cobrable? : bsobre depreciación y "otras yerbas..." /cEfraín Viola. aBuenos Aires :bAbeledoPerrot,c2024. ap. 7-10 aCita: TR LALEY AR/DOC/766/2024. aSumario: I. Exordio.— II. Crujen las bases.— III. Depreciación del crédito.— IV. Ladran Sancho...— V. La difícil misión de convertir la sentencia en moneda.— VI. Conclusiones.  t¿Te interesa el texto completo? Comunicate al correo: koha@justierradelfuego.gov.ar 0aDERECHO LABORAL 0aPROCEDIMIENTO LABORAL 0aACTUALIZACIÓN MONETARIA 0aCRÉDITO LABORAL0 02751dBuenos Aires : AbeledoPerrot, 2013-tRevista de derecho laboral y seguridad social. Nº 9 - Mayo 2024